000 00537nam a2200181Ia 4500
008 140609s9999 xx 000 0 und d
020 _a971086002x
050 _aHD 4906 
_b.M672 1999
100 _aMiranda, Gregorio S.
245 _aWage and salary administration /
_cGregorio S. Miranda,
250 _a4th ed.
260 _aManila, Philippines :
_bNational Book Store ,
_cc1999.
300 _a243 p. :
_bill. ;
_c23 cm.
500 _aIncludes bibliographical references.
521 _aGE
942 _kLOC
_cBK
999 _c118128
_d118128